000 00692cam a22002053a 4500
001 40617
003 PGUSA
005 20140828083916.0
008 120829s2012||||xxu|||||s|||||000 | eng d
040 _aPGUSA
_beng
042 _adc
100 1 _aLambley, Kathleen
245 1 4 _aThe Teaching and Cultivation of the French Language in England during Tudor and Stuart Times :
_bWith an Introductory Chapter on the Preceding Period
_h[electronic resource] /
_cKathleen Lambley
260 _bProject Gutenberg,
_c2012
506 _aPublic domain in the USA.
516 _aElectronic text
830 0 _aProject Gutenberg
_v40617
856 4 0 _uhttp://www.gutenberg.org/ebooks/40617
942 _cEB
999 _c269870
_d269870